Statistiques concernant Pokémon - Equipes des champions 4G (Platine)

Cliquez ici pour prendre le quiz!

Statistiques générales

  • Ce quiz a été pris 1 129 fois
  • Le résultat moyen est 36 sur 52

Statistiques - réponses

HintRéponse% Correct
PierrickRacaillou
98%
Kranidos
94%
Lucario
93%
Lucario
93%
Roserade
93%
Roserade
93%
Onix
92%
Carchacrok
88%
Bastiodon
87%
CynthiaSpiritomb
87%
Musteflott
85%
Steelix
85%
Blizzaroi
84%
Magirêve
84%
FloTortipouss
83%
Luxray
82%
Machopeur
82%
LovisLéviator
81%
Spectrum
81%
Simiabraz
80%
Hippodocus
78%
Elekable
77%
Milobellus
76%
Raichu
74%
Ceriflor
73%
Galopa
72%
Maraiste
72%
Momartik
72%
Archéodong
71%
Togekiss
69%
Maganon
68%
Apireine
66%
Drascore
66%
CharlesMagnéton
62%
Farfuret
61%
MélinaMéditikka
59%
AaronYanméga
59%
Alakazam
56%
Rhinastoc
54%
TerryBarbicha
53%
Cizayox
53%
Gallame
53%
Grolem
48%
GladysCochignon
47%
KiméraSkélénox
47%
Pyroli
46%
LucioM.mime
45%
Mentali
44%
Scorvol
44%
TanguyVoltali
44%
AdrienDémolosse
43%
Scarhino
43%

Distribution des résultats

Percentile par nombre de réponses

% des personnes avec chaque résultat

Votre développement - résultats

Vous n’avez pas pris ce quiz